000 00698cam a22002055i 4500
001 125230
005 20230411085949.0
008 170317t20162016mx 000 0 spa
020 _a9786079357849
020 _a6079357844
041 _aspa
100 1 _aGuevara Niebla, Gilberto,
_d1944-
_eauthor.
245 1 0 _aPoder para el maestro, poder para la escuela :
_blareforma educativa 2013 /
_cGilberto Guevara Niebla.
246 3 3 _aExplicacion más completa y lúcida de lareforma educativa
_iSubtitle from cover:
260 1 _aMéxico :
_bEdiciones Cal y Arena,
_c2016.
300 _a263 p. ;
_c23 cm
650 0 _aCambio educativo
_zMéxico.
650 0 _aMaestros
_zMéxico.
942 _2lcc
_cbk
999 _c110085
_d110085